000 00647nam a2200169 a 4500
008 120416s1996 ||||||||||||||||| || u
020 _a0333678508
050 _aPN 6010 Spe
100 _aRead, Jim
245 1 0 _aSpeaking our minds
_cedited by Jim Read
246 _aan aunthology of personal experiences of mental distress and its consequences
260 _aLondon
_bOpen University Press
_c1996
300 _axviii, 216p.
350 _a0.00
700 _aReynolds, Jill
995 _D0.00
_FCBU-MAIN LIBRARY (Kitwe)
_H1
_I12.95
_M1
_UAVAILABLE
_WNov 24, 2006
_ZMain Library Open Access Collection
999 _c58053
_d58053